[Event "13th EICC"]
[Site "Plovdiv BUL"]
[Date "2012.03.20"]
[Round "1.89"]
[White "Sarbok, Torsten"]
[Black "Edouard, Romain"]
[Result "0-1"]
[WhiteTitle "FM"]
[BlackTitle "GM"]
[WhiteElo "2349"]
[BlackElo "2607"]
[WhiteFideId "4630068"]
[BlackFideId "633429"]
[EventDate "2012.03.20"]
[EventType "swiss"]

1. e4 c5 2. Nf3 Nc6 3. d4 cxd4 4. Nxd4 Nf6 5. Nxc6 bxc6 6. Bd3 d5 7. Nd2 g6 8.
Qe2 Bg7 9. O-O O-O 10. e5 Nd7 11. Nf3 e6 12. Bg5 Qc7 13. Rfe1 Bb7 14. Be7 Nxe5
15. Bxf8 Nxf3+ 16. Qxf3 Rxf8 17. c3 e5 18. Bc2 e4 19. Qe2 f5 20. Rad1 Kh8 21.
Bb3 Be5 22. Qe3 Bxh2+ 23. Kh1 Bd6 24. Qxa7 Qe7 25. Qd4+ Be5 26. Qb6 f4 27. Kg1
f3 28. gxf3 Qh4 29. f4 Qxf4 30. Kf1 Ba6+ 31. Re2 Qf3 0-1

[Event "13th EICC"]
[Site "Plovdiv BUL"]
[Date "2012.03.20"]
[Round "1.90"]
[White "Ponkratov, Pavel"]
[Black "Schiendorfer, Emanuel"]
[Result "1-0"]
[WhiteTitle "GM"]
[BlackTitle "FM"]
[WhiteElo "2607"]
[BlackElo "2349"]
[WhiteFideId "4157800"]
[BlackFideId "1309889"]
[EventDate "2012.03.20"]
[EventType "swiss"]

1. e4 c5 2. Nf3 d6 3. d4 cxd4 4. Nxd4 Nf6 5. Nc3 a6 6. Be3 Ng4 7. Bg5 h6 8. Bh4
g5 9. Bg3 Bg7 10. h3 Ne5 11. f3 Nbc6 12. Bf2 Be6 13. Qd2 Rc8 14. Nxe6 fxe6 15.
h4 Qa5 16. hxg5 hxg5 17. Rxh8+ Bxh8 18. Nd1 Nd7 19. Qxa5 Nxa5 20. c3 Nc4 21. Rc1
Nce5 22. Be3 Bf6 23. Nf2 Nc4 24. Bxc4 Rxc4 25. Ke2 Kf7 26. Ng4 Kg6 27. Rh1 Bg7
28. Nf2 Ne5 29. Rh3 Bf6 30. Rg3 Kh5 31. Bd2 Rc8 32. Nh3 Nf7 33. f4 g4 34. Nf2
Bh4 35. Rd3 Bxf2 36. Kxf2 Rc4 37. Re3 e5 38. fxe5 Nxe5 39. Kg3 Rc8 40. b3 b5 41.
Re1 Kg6 42. Ra1 Rb8 43. Be3 Rc8 44. Bd2 Rb8 45. Rh1 Rc8 46. Rd1 Kf6 47. Rh1 Kg6
48. Rf1 Kg7 49. Ra1 Kf6 50. a4 bxa4 51. Rxa4 Rc6 52. Ra3 Ke6 53. c4 Rb6 54. Be3
Rb8 55. Ba7 Rb7 56. Bd4 Rb8 57. Bc3 Rb6 58. Kf4 Nd3+ 59. Kxg4 Nc5 60. Bd4 Rb4
61. Bxc5 dxc5 62. Kf4 Rb6 63. g4 Kf6 64. e5+ Kf7 65. Kf5 Rb8 66. e6+ Kg7 67.
Rxa6 Rxb3 68. Ra7 Rf3+ 69. Kg5 Rc3 70. Rxe7+ Kf8 71. Rf7+ Ke8 72. Rf4 Ke7 73.
Kf5 Re3 74. Re4 Rf3+ 75. Ke5 1-0

[Event "13th EICC"]
[Site "Plovdiv BUL"]
[Date "2012.03.20"]
[Round "1.93"]
[White "Agaragimov, Djakhangir"]
[Black "Popov, Ivan RUS"]
[Result "0-1"]
[WhiteTitle "FM"]
[BlackTitle "GM"]
[WhiteElo "2342"]
[BlackElo "2605"]
[WhiteFideId "13401718"]
[BlackFideId "4170350"]
[EventDate "2012.03.20"]
[EventType "swiss"]

1. d4 Nf6 2. Nf3 c5 3. d5 b5 4. c4 Bb7 5. g3 d6 6. Bg2 bxc4 7. Nc3 Nbd7 8. O-O
g6 9. e4 Bg7 10. Nd2 O-O 11. Rb1 Ne5 12. f4 Nd3 13. Nxc4 Nxc1 14. Rxc1 Nd7 15.
Ne2 Ba6 16. b3 Rb8 17. Kh1 Rb4 18. Ne3 Qa5 19. Rc2 Rfb8 20. Qd2 Qd8 21. Rfc1 Bb5
22. Nc4 a5 23. Re1 a4 24. Nc1 Bxc4 25. bxc4 Rb1 26. Bh3 a3 27. Nd3 Bd4 28. Rcc1
Rxc1 29. Qxc1 Nb6 30. e5 Ra8 31. f5 dxe5 32. fxg6 hxg6 33. Nxe5 Bxe5 34. Rxe5
Ra4 35. Bf1 Qd6 36. Re3 Qf6 37. Rb3 Rb4 38. Rxa3 Rb2 39. Qf4 Qxf4 40. gxf4 Rf2
41. Kg1 Rxf4 42. Ra6 Rg4+ 43. Kf2 Nxc4 44. Ra4 Ne5 45. Rxg4 Nxg4+ 46. Ke2 Kf8
47. Bh3 Ne5 48. Ke3 Ke8 49. Ke4 Nc4 50. a4 Kd8 51. Bg4 f5+ 0-1

[Event "13th EICC"]
[Site "Plovdiv BUL"]
[Date "2012.03.20"]
[Round "1.94"]
[White "Aleksandrov, Aleksej"]
[Black "Givon, Asaf"]
[Result "0-1"]
[WhiteTitle "GM"]
[BlackTitle "FM"]
[WhiteElo "2604"]
[BlackElo "2340"]
[WhiteFideId "13500139"]
[BlackFideId "2801841"]
[EventDate "2012.03.20"]
[EventType "swiss"]

1. d4 Nf6 2. c4 g6 3. Nc3 d5 4. Qb3 dxc4 5. Qxc4 Bg7 6. e4 O-O 7. Be2 Nc6 8. Nf3
Bg4 9. Be3 Bxf3 10. gxf3 e5 11. dxe5 Nxe5 12. Qb5 Nh5 13. h4 c6 14. Qb3 Qf6 15.
O-O-O Nf4 16. Bf1 b5 17. Ne2 Ned3+ 18. Kc2 Rfd8 19. Nxf4 Nxf4 20. Qc3 Qe6 21.
Rxd8+ Rxd8 22. Qa5 Qd7 23. Qe1 Qc7 24. Qc1 Be5 25. Kb1 a5 26. a3 a4 27. Rg1 Qd6
28. Qc2 h5 29. Bc1 Bf6 30. Rh1 Be5 31. Be2 Nxe2 32. Qxe2 Qd3+ 33. Qc2 Qxf3 34.
Rg1 Qd3 35. f4 Bf6 36. f5 Kg7 37. Bg5 Qxc2+ 38. Kxc2 Rd4 39. Re1 gxf5 40. exf5
Rg4 0-1

[Event "13th EICC"]
[Site "Plovdiv BUL"]
[Date "2012.03.20"]
[Round "1.95"]
[White "Lomsadze, Davit"]
[Black "Kozul, Zdenko"]
[Result "1-0"]
[BlackTitle "GM"]
[WhiteElo "2338"]
[BlackElo "2602"]
[WhiteFideId "13603450"]
[BlackFideId "14502879"]
[EventDate "2012.03.20"]
[EventType "swiss"]

1. d4 Nf6 2. Nf3 g6 3. g3 Bg7 4. Bg2 d5 5. O-O c6 6. b3 O-O 7. Bb2 Qb6 8. Nbd2
Bg4 9. h3 Bxf3 10. Bxf3 Nbd7 11. c4 e6 12. Qc2 h5 13. Rad1 a5 14. a4 Rfe8 15.
Bg2 Nb8 16. Rfe1 Na6 17. e4 dxe4 18. Nxe4 Nxe4 19. Rxe4 Red8 20. g4 hxg4 21.
Rxg4 c5 22. d5 Nb4 23. Qd2 exd5 24. cxd5 Qd6 25. Bxg7 Kxg7 26. Qc3+ Qf6 27. Qxc5
b6 28. Qe3 Re8 29. Qd2 Rad8 30. h4 Re5 31. Rg5 Rf5 32. Rxf5 Qxf5 33. d6 Qf6 34.
h5 Na6 35. hxg6 fxg6 36. Qd5 Nc5 37. b4 Rf8 38. f3 axb4 39. a5 Ne6 40. axb6 Nf4
41. Qe4 b3 42. Qe7+ Qxe7 43. dxe7 Rb8 44. b7 b2 45. Rb1 Kf7 46. Rxb2 Kxe7 47.
Kh2 g5 48. Bh3 Nd3 49. Re2+ Kf6 50. Bc8 Nc5 51. Rb2 g4 52. fxg4 Ne4 53. Rb5 Nd6
54. Rb6 Ke5 55. Rxd6 Kxd6 56. Kg3 Kc7 57. Kh4 Kd6 58. Kh5 Ke7 59. g5 Kf7 60. g6+
Kg7 61. Kg5 1-0

[Event "13th EICC"]
[Site "Plovdiv BUL"]
[Date "2012.03.20"]
[Round "1.97"]
[White "Boruchovsky, Avital"]
[Black "Solak, Dragan"]
[Result "1/2-1/2"]
[WhiteTitle "FM"]
[BlackTitle "GM"]
[WhiteElo "2333"]
[BlackElo "2602"]
[WhiteFideId "2800055"]
[BlackFideId "916811"]
[EventDate "2012.03.20"]
[EventType "swiss"]

1. e4 c6 2. Nc3 d5 3. Nf3 Nf6 4. e5 Ng8 5. d4 Bg4 6. h3 Bxf3 7. Qxf3 e6 8. Bd3
a6 9. Qg3 g6 10. Ne2 c5 11. dxc5 Bxc5 12. O-O Nc6 13. c4 dxc4 14. Bxc4 Nge7 15.
Bg5 Nf5 16. Qf4 Be7 17. Bxe7 Qxe7 18. Nc3 Qc5 19. Rfe1 Rd8 20. Bb3 Rd4 21. Re4
Rxe4 22. Nxe4 Qxe5 23. Qxe5 Nxe5 24. Rc1 O-O 25. Rc7 b5 26. Ra7 Rc8 27. Rxa6
Rc1+ 28. Kh2 Re1 29. Nf6+ Kg7 30. Ne8+ Kf8 31. Nd6 Re2 32. Nxf5 gxf5 33. Rb6
Rxf2 34. Rxb5 Nd3 35. a4 f4 36. Bd1 Nxb2 37. Bf3 Nd3 38. a5 Ne1 39. Be4 f5 40.
Bb7 Ra2 41. Re5 Nxg2 42. Bxg2 f3 43. Rxe6 Rxg2+ 44. Kh1 Kf7 45. Re1 Ra2 46. Rf1
Ra3 47. Kh2 f4 48. Kg1 Kg6 49. Kf2 Rxa5 50. Rb1 Kf5 51. Rb3 Ke4 52. Rb4+ Ke5 53.
Rb3 Ke4 54. Rb4+ Kf5 55. Rb3 Kg5 56. Kxf3 Rf5 57. Rb4 Rc5 58. h4+ Kxh4 59. Rxf4+
Kh3 60. Rf7 h5 61. Rg7 Rc2 62. Rg8 h4 63. Rh8 Ra2 64. Rh7 Ra4 65. Rg7 Ra3+ 66.
Kf2 Rg3 67. Rf7 Rg2+ 68. Kf1 Kh2 69. Rh7 h3 70. Rf7 Rg6 71. Kf2 Kh1 72. Rh7 Rg2+
73. Kf1 h2 74. Rh8 Rg6 75. Rf8 Ra6 76. Rg8 Ra1+ 77. Kf2 Rg1 78. Rh8 Rf1+ 79.
Kxf1 1/2-1/2

[Event "13th EICC"]
[Site "Plovdiv BUL"]
[Date "2012.03.20"]
[Round "1.98"]
[White "Hovhannisyan, Robert"]
[Black "Codenotti, Marco"]
[Result "1-0"]
[WhiteTitle "GM"]
[BlackTitle "FM"]
[WhiteElo "2600"]
[BlackElo "2328"]
[WhiteFideId "13302507"]
[BlackFideId "800015"]
[EventDate "2012.03.20"]
[EventType "swiss"]

1. e4 c5 2. Nf3 d6 3. d4 cxd4 4. Nxd4 Nf6 5. Nc3 a6 6. h3 e6 7. g4 Be7 8. Bg2
Nfd7 9. Be3 Nc6 10. Qe2 O-O 11. O-O-O Qc7 12. f4 Nxd4 13. Bxd4 b5 14. e5 d5 15.
Qe3 b4 16. Ne2 Bc5 17. Kb1 a5 18. Rhe1 Ba6 19. Bxc5 Qxc5 20. Nd4 Nb6 21. f5 Nc4
22. Qc1 Rfe8 23. fxe6 fxe6 24. Nxe6 Rxe6 25. Bxd5 Re8 26. Bxe6+ 1-0

[Event "13th EICC"]
[Site "Plovdiv BUL"]
[Date "2012.03.20"]
[Round "1.100"]
[White "Vajda, Levente"]
[Black "Izzat, Kanan"]
[Result "1/2-1/2"]
[WhiteTitle "GM"]
[BlackTitle "FM"]
[WhiteElo "2597"]
[BlackElo "2319"]
[WhiteFideId "1203975"]
[BlackFideId "13405209"]
[EventDate "2012.03.20"]
[EventType "swiss"]

1. e4 c6 2. d4 d5 3. e5 Bf5 4. Nf3 e6 5. Be2 Nd7 6. O-O Ne7 7. Na3 h6 8. c4 dxc4
9. Nxc4 Nd5 10. Ne3 Bh7 11. Nxd5 cxd5 12. Qb3 Rb8 13. Qa4 a6 14. Bd2 Be7 15.
Rfc1 O-O 16. Ba5 Qe8 17. Qb3 b6 18. Bb4 Nc5 19. Qa3 a5 20. Bxc5 bxc5 21. dxc5 f6
22. Qc3 fxe5 23. Nxe5 Rf4 24. Bd3 Bf6 25. Bxh7+ Kxh7 26. Qc2+ Kg8 27. Re1 Rf5
28. Nd3 Bd4 29. c6 Rxb2 30. Nxb2 Rxf2 31. Qxf2 Bxf2+ 32. Kxf2 Qxc6 33. Re2 e5
34. Rae1 e4 35. Nd1 Qc5+ 36. Kf1 a4 37. Nf2 Kh7 38. g3 Qc4 39. Kg2 a3 40. h4 Kh8
41. h5 Kh7 42. Kg1 Qc7 43. Re3 d4 44. Rxe4 Qxg3+ 45. Kf1 Qc3 46. Rd1 d3 47. Re3
Qc4 48. Rdxd3 Qxa2 49. Rxa3 Qc4+ 50. Kg1 Qc1+ 51. Kg2 Qc6+ 52. Re4 Qc5 53. Rh3
Qd5 54. Kg1 Qg5+ 55. Rg4 Qc1+ 56. Kg2 Qc6+ 57. Kh2 Qc5 58. Nd3 Qb5 59. Rg2 Qf5
60. Rf2 Qg5 61. Nf4 Qc5 62. Rhf3 Qe5 63. Re2 Qg5 64. Ref2 Qe5 65. Rg3 Qf5 66.
Rg6 Qe5 67. Rg4 Kh8 68. Rfg2 Qf5 69. Ng6+ Kh7 70. Nh4 Qe5+ 71. Kh1 Qa1+ 72. Rg1
Qa8+ 73. Kh2 Qb8+ 74. R1g3 Qb2+ 75. Kh3 Kh8 76. Ng6+ Kh7 77. Nf4 Kh8 78. Re3 Qf2
79. Re8+ Kh7 80. Re2 Qf3+ 81. Kh4 Qh1+ 82. Kg3 Qg1+ 83. Kf3 Qf1+ 84. Ke3 Qc1+
85. Kf2 Qc5+ 86. Re3 Qc2+ 87. Kg3 Qc1 88. Rd3 Qe1+ 89. Kf3 Qf1+ 90. Ke4 Qb1 91.
Ne6 Qe1+ 92. Kd5 Qa5+ 93. Nc5 Qd8+ 94. Kc4 Qf6 95. Rd7 Kh8 96. Re4 Qf1+ 97. Kd5
Qf5+ 98. Kc6 Qf3 99. Kc7 Qg3+ 100. Rd6 1/2-1/2

[Event "13th EICC"]
[Site "Plovdiv BUL"]
[Date "2012.03.20"]
[Round "1.101"]
[White "Dimitrov, Atanas"]
[Black "Sulskis, Sarunas"]
[Result "1/2-1/2"]
[WhiteTitle "IM"]
[BlackTitle "GM"]
[WhiteElo "2318"]
[BlackElo "2596"]
[WhiteFideId "2901315"]
[BlackFideId "12800112"]
[EventDate "2012.03.20"]
[EventType "swiss"]

1. Nf3 c5 2. c4 Nc6 3. d4 cxd4 4. Nxd4 Nf6 5. Nc3 e6 6. e4 Bb4 7. Nxc6 Bxc3+ 8.
bxc3 dxc6 9. Bd3 e5 10. O-O O-O 11. Bg5 h6 12. Bh4 g5 13. Bg3 Qe7 14. Qe2 b6 15.
Rfd1 c5 16. Rd2 Rd8 17. Rad1 Bb7 18. Bc2 Rxd2 19. Rxd2 Bc6 20. f3 Nh5 21. Qd1
Kg7 22. Ba4 Bxa4 23. Qxa4 Qe8 24. Qxe8 Rxe8 25. Rd7 Nf4 26. Bxf4 gxf4 27. Kf2
Re6 28. Rxa7 Rd6 29. Ke2 Rg6 30. Kf2 Rd6 31. Ke2 Rg6 32. Kf2 Rd6 33. Ke2 1/2-1/2

[Event "13th EICC"]
[Site "Plovdiv BUL"]
[Date "2012.03.20"]
[Round "1.103"]
[White "Ali Marandi, Cemil Can"]
[Black "Sedlak, Nikola"]
[Result "0-1"]
[WhiteTitle "FM"]
[BlackTitle "GM"]
[WhiteElo "2315"]
[BlackElo "2593"]
[WhiteFideId "6300529"]
[BlackFideId "922900"]
[EventDate "2012.03.20"]
[EventType "swiss"]

1. e4 e5 2. Nf3 Nc6 3. Bb5 Bb4 4. c3 Ba5 5. O-O Nge7 6. d4 exd4 7. cxd4 d5 8.
exd5 Qxd5 9. Be2 Be6 10. Nc3 Qd7 11. Ne4 Bb6 12. Nc5 Bxc5 13. dxc5 Bd5 14. Bf4
O-O-O 15. Qa4 Bxf3 16. Bxf3 Qd4 17. Bxc6 Nxc6 18. Qxd4 Nxd4 19. Rae1 Rhe8 20.
Rxe8 Rxe8 21. Be3 Nf5 22. Bd2 Kd7 23. Bc3 h5 24. g3 Kc6 25. Rc1 Re4 26. b3 f6
27. Kg2 Re2 28. a4 Ne7 29. Kf3 Ra2 30. Rb1 Rc2 31. Be1 Rxc5 32. b4 Rc4 33. b5+
Kc5 34. a5 Nf5 35. h4 Nd4+ 36. Ke4 g6 37. Kd3 Nxb5 38. Bd2 Rd4+ 39. Ke2 a6 0-1

[Event "13th EICC"]
[Site "Plovdiv BUL"]
[Date "2012.03.20"]
[Round "1.104"]
[White "Shimanov, Aleksandr"]
[Black "Cabarkapa, Novak"]
[Result "1-0"]
[WhiteTitle "GM"]
[BlackTitle "FM"]
[WhiteElo "2591"]
[BlackElo "2314"]
[WhiteFideId "4198603"]
[BlackFideId "943746"]
[EventDate "2012.03.20"]
[EventType "swiss"]

1. d4 Nf6 2. c4 g6 3. f3 Bg7 4. e4 d6 5. Be3 O-O 6. Ne2 a6 7. Na3 c5 8. Qd2 cxd4
9. Nxd4 Nc6 10. Be2 Nxd4 11. Bxd4 Nd7 12. Be3 b6 13. O-O Bb7 14. Rac1 Rc8 15.
Nb1 Rc6 16. Nc3 e6 17. Rfd1 Qa8 18. Bd4 Bxd4+ 19. Qxd4 g5 20. b4 Ne5 21. b5 axb5
22. cxb5 Rc5 23. Na4 Rxc1 24. Rxc1 Ng6 25. Bf1 g4 26. Nxb6 Qa7 27. Qxd6 gxf3 28.
gxf3 Kh8 29. a4 f5 30. exf5 Rxf5 31. Rc7 1-0

[Event "13th EICC"]
[Site "Plovdiv BUL"]
[Date "2012.03.20"]
[Round "1.105"]
[White "Schneider, Veronika"]
[Black "Zhigalko, Andrey"]
[Result "0-1"]
[WhiteTitle "WGM"]
[BlackTitle "GM"]
[WhiteElo "2312"]
[BlackElo "2590"]
[WhiteFideId "721530"]
[BlackFideId "13502247"]
[EventDate "2012.03.20"]
[EventType "swiss"]

1. e4 c6 2. d4 d5 3. Nc3 dxe4 4. Nxe4 Bf5 5. Ng3 Bg6 6. h4 h6 7. h5 Bh7 8. Nf3
e6 9. Bd3 Bxd3 10. Qxd3 Nf6 11. Bd2 Be7 12. O-O-O Nbd7 13. Ne4 Nxe4 14. Qxe4 Nf6
15. Qd3 Ng4 16. Ne5 Nxe5 17. dxe5 Qxd3 18. cxd3 O-O-O 19. Be3 Rd5 20. f4 a5 21.
Rh3 Re8 22. g4 a4 23. Rh2 Red8 24. d4 a3 25. b3 Bb4 26. Rc2 c5 27. Rf1 Kb8 28.
dxc5 Rd3 29. c6 Bc3 30. c7+ Kxc7 31. Bd2 Rxd2 32. Rxc3+ Kb6 33. Rc2 Rxc2+ 34.
Kxc2 Rd4 35. Kc3 Kc5 36. Rf2 b5 37. g5 b4+ 38. Kc2 Kd5 39. gxh6 gxh6 40. Rf1 Ke4
41. Rg1 Rd7 42. Rg8 Kxf4 43. Rb8 Kxe5 44. Rxb4 f5 45. Rb8 f4 46. Rf8 Ke4 0-1

[Event "13th EICC"]
[Site "Plovdiv BUL"]
[Date "2012.03.20"]
[Round "1.106"]
[White "Halkias, Stelios"]
[Black "Donchenko, Alexander"]
[Result "1/2-1/2"]
[WhiteTitle "GM"]
[BlackTitle "FM"]
[WhiteElo "2588"]
[BlackElo "2309"]
[WhiteFideId "4201809"]
[BlackFideId "24603295"]
[EventDate "2012.03.20"]
[EventType "swiss"]

1. c4 c5 2. Nf3 Nf6 3. Nc3 Nc6 4. g3 g6 5. Bg2 d6 6. d4 cxd4 7. Nxd4 Bd7 8. O-O
Bg7 9. Nc2 O-O 10. b3 a6 11. Bb2 Rb8 12. Qd2 Qa5 13. Ne3 Rfc8 14. Rfd1 Be6 15.
Rac1 h5 16. Na4 Qxd2 17. Rxd2 Nd7 18. Bxg7 Kxg7 19. Nc3 Nf6 20. h3 Na5 21. Rdc2
Nc6 22. Rd2 Na5 23. Rdd1 Nc6 24. h4 Ne5 25. Bd5 Bd7 26. Bg2 Be6 27. Kf1 Rc7 28.
Na4 Ned7 29. Nc3 Rbc8 30. a4 b6 31. Rb1 Ne5 32. Ke1 Kf8 33. Rdc1 Nc6 34. Bxc6
Rxc6 35. Kd2 Ke8 36. f3 Rd8 37. Ncd5 Bxd5 38. cxd5 Rcc8 39. Rc4 Rc5 40. Rd4 Rdc8
41. g4 hxg4 42. fxg4 Kf8 43. Rf1 Kg7 44. g5 Nd7 45. h5 gxh5 46. Nf5+ Kf8 47. g6
Rc2+ 48. Ke3 R8c3+ 49. Rd3 fxg6 50. Nd4+ 1/2-1/2

[Event "13th EICC"]
[Site "Plovdiv BUL"]
[Date "2012.03.20"]
[Round "1.107"]
[White "Ivanov, Stojan Lubomirov"]
[Black "Brkic, Ante"]
[Result "0-1"]
[BlackTitle "GM"]
[WhiteElo "2309"]
[BlackElo "2587"]
[WhiteFideId "2908980"]
[BlackFideId "14506688"]
[EventDate "2012.03.20"]
[EventType "swiss"]

1. e4 e5 2. Nf3 Nc6 3. Bb5 a6 4. Ba4 Nge7 5. O-O g6 6. c3 Bg7 7. d4 exd4 8. cxd4
b5 9. Bc2 O-O 10. Bg5 h6 11. Be3 d6 12. Qd2 Bg4 13. Bd1 Kh7 14. h3 Bxf3 15. Bxf3
Qd7 16. Nc3 f5 17. exf5 Nxf5 18. Ne2 Rae8 19. Rac1 Nd8 20. Nf4 c6 21. Qc2 d5 22.
Nxg6 Kxg6 23. g4 h5 24. Kg2 Bh6 25. Rce1 Bxe3 26. fxe3 Kh6 27. gxf5 Qxf5 28.
Qxf5 Rxf5 29. e4 dxe4 30. Bxe4 Rxf1 31. Kxf1 Kg5 32. b4 Kf4 33. Bg6 Rxe1+ 34.
Kxe1 h4 35. Kf2 Ne6 36. Ke2 Nxd4+ 37. Kd3 Ke5 38. Be8 Kd5 39. Bf7+ Ke5 40. Be8
Kd5 41. Bf7+ Ne6 42. Ke3 Ke5 43. Be8 c5 44. bxc5 Nxc5 45. Kf3 b4 46. Ke3 a5 47.
Kd2 Kd4 48. Kc2 a4 49. Bg6 Ke5 50. Bh5 Ne6 51. Be8 Nd4+ 52. Kc1 a3 53. Bd7 Kd5
54. Kb1 Kc4 55. Be8 Kc3 56. Bf7 Nf3 57. Be6 Nd2+ 58. Ka1 Kd4 59. Bc8 Ke3 60. Bd7
Kf4 61. Bc8 Kg3 62. Bd7 Ne4 63. Kb1 Nf2 64. Kc2 Nxh3 65. Kb3 Nf2 66. Kxb4 Ng4
67. Kc3 h3 68. Kd2 h2 69. Bc6 Kf2 70. Bb7 Ne3 71. Bh1 Ng2 72. Kd1 Kg1 73. Ke2
Kxh1 74. Kf1 Ne3+ 75. Kf2 Nd5 0-1

[Event "13th EICC"]
[Site "Plovdiv BUL"]
[Date "2012.03.20"]
[Round "1.110"]
[White "Kulaots, Kaido"]
[Black "Videnova, Iva"]
[Result "1-0"]
[WhiteTitle "GM"]
[BlackTitle "WGM"]
[WhiteElo "2585"]
[BlackElo "2301"]
[WhiteFideId "4500261"]
[BlackFideId "2907763"]
[EventDate "2012.03.20"]
[EventType "swiss"]

1. d4 Nf6 2. c4 c5 3. d5 g6 4. Nc3 Bg7 5. e4 d6 6. Bd3 O-O 7. Nge2 e6 8. h3 Na6
9. O-O Rb8 10. Ng3 Nc7 11. a4 a6 12. a5 e5 13. Na4 Nd7 14. Bd2 b5 15. axb6 Nxb6
16. Nxb6 Rxb6 17. Rb1 Qh4 18. b4 f5 19. exf5 gxf5 20. Qh5 Qd4 21. Bxf5 Bxf5 22.
Nxf5 Qxd2 23. Ne7+ Kh8 24. Ng6+ Kg8 25. Nxf8 Rxb4 26. Ne6 1-0

[Event "13th EICC"]
[Site "Plovdiv BUL"]
[Date "2012.03.20"]
[Round "1.111"]
[White "Lederman, Leon"]
[Black "Nyzhnyk, Illya"]
[Result "0-1"]
[WhiteTitle "IM"]
[BlackTitle "GM"]
[WhiteElo "2296"]
[BlackElo "2585"]
[WhiteFideId "2800403"]
[BlackFideId "14118084"]
[EventDate "2012.03.20"]
[EventType "swiss"]

1. e4 c5 2. Nf3 d6 3. d4 cxd4 4. Nxd4 Nf6 5. Nc3 a6 6. f4 e5 7. Nf3 Nbd7 8. a4
Qc7 9. Bd3 Be7 10. O-O O-O 11. Kh1 b6 12. Qe1 Bb7 13. Nh4 g6 14. fxe5 Nxe5 15.
Bg5 Nfg4 16. Bd2 Kh8 17. Qg3 Nf6 18. Nf3 Nfd7 19. Ng5 Nc5 20. Qh4 h5 21. Be2 f6
22. Nf3 Kg7 23. Nd4 Qd7 24. Nd5 Bd8 25. Qf4 Kg8 26. Nf3 Qg7 27. b4 Ne6 28. Qe3
Rc8 29. Nxe5 dxe5 30. c3 f5 31. Bd1 Bg5 32. Qe2 Bxd2 33. Qxd2 fxe4 34. Bb3 Kh7
35. Qe3 Nf4 36. c4 b5 37. axb5 axb5 38. Nc3 bxc4 39. Bc2 Nd3 40. Kg1 Nxb4 41.
Bxe4 Bxe4 42. Qxe4 Nd3 43. Rxf8 Qxf8 44. Qb7+ Kh6 45. Ne4 Nc5 0-1

[Event "13th EICC"]
[Site "Plovdiv BUL"]
[Date "2012.03.20"]
[Round "1.114"]
[White "Kuljasevic, Davorin"]
[Black "Aharon, Ofir"]
[Result "1-0"]
[WhiteTitle "GM"]
[BlackTitle "FM"]
[WhiteElo "2580"]
[BlackElo "2288"]
[WhiteFideId "14506661"]
[BlackFideId "2800683"]
[EventDate "2012.03.20"]
[EventType "swiss"]

1. d4 Nf6 2. c4 g6 3. Nc3 d5 4. Nf3 Bg7 5. Qb3 dxc4 6. Qxc4 O-O 7. e4 a6 8. Qa4
Nc6 9. Be2 Bg4 10. Be3 b5 11. Qd1 Bxf3 12. gxf3 Nh5 13. e5 f6 14. f4 fxe5 15.
fxe5 Nf4 16. Bf3 Qe8 17. Qc2 Rd8 18. O-O-O Na5 19. h4 Qf7 20. Kb1 c5 21. dxc5 b4
22. Ne4 Rb8 23. Ng5 b3 24. axb3 Qxb3 25. Qxb3+ Nxb3 26. Bxf4 Rxf4 27. Bd5+ Kh8
28. Bxb3 Rfb4 29. Rh3 h6 30. c6 1-0

[Event "13th EICC"]
[Site "Plovdiv BUL"]
[Date "2012.03.20"]
[Round "1.115"]
[White "Sanal, Vahap"]
[Black "Savchenko, Boris"]
[Result "0-1"]
[WhiteTitle "CM"]
[BlackTitle "GM"]
[WhiteElo "2286"]
[BlackElo "2580"]
[WhiteFideId "6300545"]
[BlackFideId "4147332"]
[EventDate "2012.03.20"]
[EventType "swiss"]

1. e4 d6 2. d4 Nf6 3. Nc3 g6 4. Bg5 Bg7 5. Qd2 h6 6. Bh4 g5 7. Bg3 Nh5 8. O-O-O
Nc6 9. Qe3 e6 10. Nh3 Bd7 11. Be2 Nxg3 12. hxg3 Qf6 13. Nb5 O-O-O 14. f4 a6 15.
e5 Qe7 16. Nc3 dxe5 17. fxe5 Nb4 18. Ne4 Nxa2+ 19. Kb1 Nb4 20. Qa3 Nc6 21. Nc5
Nb8 22. Rhf1 Bc6 23. Bg4 Nd7 24. Rxf7 Qxf7 25. Nxe6 Rde8 26. d5 Bxd5 27. Nxc7
Be6 28. Nxa6 Bxe5 29. Bf3 bxa6 30. Qxa6+ Kd8 31. Bc6 Rhf8 32. Qa7 Bf5 33. Rd5
Bxg3 34. Qa8+ Ke7 35. Qa3+ Kf6 36. Qxg3 Ne5 37. Qc3 Qc7 0-1

[Event "13th EICC"]
[Site "Plovdiv BUL"]
[Date "2012.03.20"]
[Round "1.116"]
[White "Ruck, Robert"]
[Black "Kourousis, Epaminondas"]
[Result "1-0"]
[WhiteTitle "GM"]
[WhiteElo "2579"]
[BlackElo "2284"]
[WhiteFideId "705713"]
[BlackFideId "4211626"]
[EventDate "2012.03.20"]
[EventType "swiss"]

1. Nf3 Nf6 2. c4 e6 3. Nc3 Bb4 4. Qc2 O-O 5. a3 Bxc3 6. Qxc3 b6 7. b4 d6 8. Bb2
c5 9. e3 Bb7 10. Be2 Nbd7 11. O-O Qe7 12. d4 Rac8 13. Qb3 Rfd8 14. a4 cxd4 15.
exd4 e5 16. Rfe1 e4 17. Nh4 g6 18. d5 Ne5 19. Qg3 Kf8 20. Rac1 Re8 21. Bd4 Nfd7
22. f4 exf3 23. gxf3 Rxc4 24. Bxc4 Qxh4 25. Qxh4 Nxf3+ 26. Kf2 Nxh4 27. Bg7+
Kxg7 28. Rxe8 Ne5 29. Rxe5 dxe5 30. d6 Kf8 31. Bb3 Nf5 32. Rc7 Nxd6 33. Rd7 Ne4+
34. Ke3 1-0

[Event "13th EICC"]
[Site "Plovdiv BUL"]
[Date "2012.03.20"]
[Round "1.117"]
[White "Cherednichenko, Svetlana"]
[Black "Ernst, Sipke"]
[Result "0-1"]
[WhiteTitle "WGM"]
[BlackTitle "GM"]
[WhiteElo "2279"]
[BlackElo "2578"]
[WhiteFideId "14105551"]
[BlackFideId "1004689"]
[EventDate "2012.03.20"]
[EventType "swiss"]

1. d4 d5 2. Nf3 c6 3. e3 Bg4 4. Bd3 Nd7 5. Nbd2 e5 6. dxe5 Nxe5 7. Be2 Bxf3 8.
Nxf3 Nxf3+ 9. Bxf3 Nf6 10. Bd2 Bd6 11. Bc3 O-O 12. Qd3 Re8 13. Qf5 Nd7 14. O-O-O
Be5 15. Bd4 Re6 16. h4 Bxd4 17. Rxd4 Ne5 18. Be4 g6 19. Qh3 Qa5 20. Bd3 c5 21.
Rf4 Qxa2 22. h5 Nxd3+ 23. cxd3 Rb6 24. b4 Ra6 25. Rd1 Ra3 0-1

[Event "13th EICC"]
[Site "Plovdiv BUL"]
[Date "2012.03.20"]
[Round "1.118"]
[White "Ter-Sahakyan, Samvel"]
[Black "Chudinovskikh, Alexander M"]
[Result "1-0"]
[WhiteTitle "GM"]
[BlackTitle "IM"]
[WhiteElo "2578"]
[BlackElo "2278"]
[WhiteFideId "13302531"]
[BlackFideId "4106083"]
[EventDate "2012.03.20"]
[EventType "swiss"]

1. e4 e5 2. Nf3 Nc6 3. Bb5 a6 4. Ba4 Nf6 5. O-O Be7 6. Re1 b5 7. Bb3 O-O 8. a4
b4 9. d3 d6 10. a5 Bg4 11. Nbd2 Nd4 12. Bc4 Nd7 13. c3 bxc3 14. bxc3 Nxf3+ 15.
Nxf3 Bh5 16. h3 Kh8 17. Be3 c6 18. g4 Bg6 19. Qb3 f5 20. gxf5 Bxf5 21. exf5 d5
22. Bxd5 cxd5 23. Qxd5 Rxf5 24. Nd2 Qe8 25. Ne4 Nf6 26. Nxf6 gxf6 27. Kh2 Rd8
28. Qe6 Rh5 29. Rg1 Rd6 30. Qg4 Qf7 31. Rab1 f5 32. Rb8+ Rd8 33. Rxd8+ Bxd8 34.
Qf3 f4 35. Bb6 Be7 36. d4 e4 37. Qxe4 f3 38. Bc7 Rg5 39. Be5+ Kg8 40. Rxg5+ Bxg5
41. Qg4 Qg6 42. Qc8+ Kf7 43. Qb7+ Ke8 44. Qa8+ Bd8 45. Qxf3 Bxa5 46. c4 Qc2 47.
c5 Be1 48. Qc6+ Ke7 49. Qd6+ Kf7 1-0